सरप्राइज गिफ्ट / (Record no. 212583)
[ view plain ]
| 000 -LEADER | |
|---|---|
| fixed length control field | 00856nam a22002057a 4500 |
| 005 - DATE AND TIME OF LATEST TRANSACTION | |
| control field | 20250724150208.0 |
| 010 ## - LCCN (DPL NO) | |
| LC control number | HIN-102332 |
| 020 ## - INTERNATIONAL STANDARD BOOK NUMBER | |
| Terms of availability | 200.00 |
| International Standard Book Number | 9789391791506 |
| 020 ## - INTERNATIONAL STANDARD BOOK NUMBER | |
| International Standard Book Number | 9789391791506 |
| Terms of availability | 200.00 |
| 035 ## - SYSTEM CONTROL NUMBER | |
| System control number | HN-102332 |
| 037 ## - SOURCE OF ACQUISITION | |
| Source of stock number/acquisition | DBAD |
| 082 ## - DEWEY DECIMAL CLASSIFICATION NUMBER | |
| Classification number | क |
| 100 ## - MAIN ENTRY--PERSONAL NAME | |
| Personal name | राजहंस , प्रतिभा |
| 245 ## - TITLE STATEMENT | |
| Title | सरप्राइज गिफ्ट / |
| Statement of responsibility, etc | प्रतिभा राजहंस |
| 260 ## - PUBLICATION, DISTRIBUTION, ETC. (IMPRINT) | |
| Place of publication, distribution, etc | शाहदरा, दिल्ली |
| Name of publisher, distributor, etc | रचनाकार पब्लिशिंग हाउस |
| Date of publication, distribution, etc | 2023 |
| 270 ## - ADDRESS | |
| Address | डी-18, गली न., जगतपुरी विस्तार , शाहदरा, दिल्ली |
| City | दिल्ली |
| Postal code | 110093 |
| Telephone number | 9910143493 |
| 300 ## - PHYSICAL DESCRIPTION | |
| Extent | 144पृ. |
| Dimensions | 21 सेमी (अजिल्द) |
| 490 ## - SERIES STATEMENT | |
| Volume number/sequential designation | क |
| 942 ## - ADDED ENTRY ELEMENTS (KOHA) | |
| Source of classification or shelving scheme | Dewey Decimal Classification |
| Item type | Hindi Books |
| Classification part | क |
| Call number suffix | राज |
| Withdrawn status | Lost status | Not for loan | Collection code | Home library | Current library | Date acquired | Source of acquisition | Cost, normal purchase price | Full call number | Barcode | Copy number | Cost, replacement price | Koha item type |
|---|---|---|---|---|---|---|---|---|---|---|---|---|---|
| Not For Loan | Non-fiction | Bawana | Bawana | 24/07/2025 | DBAD | 200.00 | क राज | HN-102332 | 1 | 200.00 | Hindi Books |
